Normal view MARC view

Entry Personal Name

Number of records used in: 1

001 - CONTROL NUMBER

  • control field: 8953

003 - CONTROL NUMBER IDENTIFIER

  • control field: DLC

005 - DATE AND TIME OF LATEST TRANSACTION

  • control field: 20220103130546.0

008 - FIXED-LENGTH DATA ELEMENTS

  • fixed length control field: 090119n| acannaabn |n aaa

010 ## - LIBRARY OF CONGRESS CONTROL NUMBER

  • LC control number: n 2009180236

035 ## - SYSTEM CONTROL NUMBER

  • System control number: (DNLM)1439143

040 ## - CATALOGING SOURCE

  • Original cataloging agency: DNLM
  • Language of cataloging: eng
  • Transcribing agency: DNLM

100 1# - HEADING--PERSONAL NAME

  • Personal name: Jamieson, Allan

670 ## - SOURCE DATA FOUND

  • Source citation: Wiley encyclopedia of forensic science:
  • Information found: ECIP t.p. (Allan Jamieson, Forensic Institute, Glasgow, Scotland)

Powered by Koha